Music Quiz

Random Music or Kpop Quiz

Name Kpop Groups with Colours in their name Quiz Stats

 Plays Quiz not verified by Sporcle

Score 0/21 Timer 10:00
0 Plays Today
Hint Answer % Correct
Red Velvet
86.2%
Blackpink
83.1%
Apink
64.6%
CNBlue
57.1%
Orange Caramel
50.1%
Rainbow
36.8%
Brown Eyed Girls
29.3%
Black6ix
20.4%
Golden Child
18.8%
AOA Black
18.5%
AOA Cream
15.8%
Hint Answer % Correct
BtoB Blue
14.7%
After School Blue
13.8%
Blanc7
13.6%
After School Red
13.6%
The Rose
13%
Brown Eyed Soul
9.6%
Noir
9.5%
Rainbow Blaxx
6.6%
Black Beat
4.3%
A.KOR Black
2.1%

You're not logged in!

Compare scores with friends on all Sporcle quizzes.
OR
Log In

You Might Also Like...

Show Comments

Extras

Top Quizzes Today


Score Distribution

Your Account Isn't Verified!

In order to create a playlist on Sporcle, you need to verify the email address you used during registration. Go to your Sporcle Settings to finish the process.

Report this User

Report this user for behavior that violates our Community Guidelines.

Details: